| Tag |
First Indicator |
Second Indicator |
Subfields |
| LEADER |
00000cam a2200000 a 4500 |
| 001 |
in00000029285 |
| 005 |
20160220063104.0 |
| 008 |
880128s1987 nyua b 10110 eng |
| 010 |
|
|
|a 88002510
|
| 020 |
|
|
|a 0306428237
|
| 035 |
|
|
|a (OCoLC)17482991
|
| 035 |
|
|
|9 AAC0207AM
|
| 040 |
|
|
|a DLC
|c DLC
|d TXA
|d UtOrBLW
|
| 049 |
|
|
|a TXAM
|c [A11117126]
|
| 050 |
0 |
0 |
|a QC611.8.S86
|b N38 1987
|
| 082 |
0 |
|
|a 530.4/1
|2 19
|
| 111 |
2 |
|
|a NATO Advanced Study Institute on Physics and Applications of Quantum Wells and Superlattices
|d (1987 :
|c Erice, Italy)
|
| 245 |
1 |
0 |
|a Physics and applications of quantum wells and superlattices /
|c edited by E.E. Mendez and K. von Klitzing.
|
| 264 |
|
1 |
|a New York :
|b Plenum Press,
|c [1987]
|
| 264 |
|
4 |
|c ©1987
|
| 300 |
|
|
|a viii, 458 pages :
|b illustrations ;
|c 26 cm.
|
| 336 |
|
|
|a text
|b txt
|2 rdacontent
|
| 337 |
|
|
|a unmediated
|b n
|2 rdamedia
|
| 338 |
|
|
|a volume
|b nc
|2 rdacarrier
|
| 490 |
1 |
|
|a NATO ASI series. Series B, Physics ;
|v v. 170
|
| 500 |
|
|
|a "Proceedings of a NATO Advanced Study Institute on Physics and Applications of Quantum Wells and Superlattices, held April 21-May 1, 1987, in Erice, Sicily, Italy"--Title page verso.
|
| 500 |
|
|
|a "Published in cooperation with NATO Scientific Affairs Division."
|
| 504 |
|
|
|a Includes bibliographies and index.
|
| 650 |
|
0 |
|a Superlattices as materials
|v Congresses.
|
| 650 |
|
0 |
|a Quantum wells
|v Congresses.
|
| 650 |
|
0 |
|a Semiconductors
|v Congresses.
|
| 650 |
|
0 |
|a Molecular beam epitaxy
|v Congresses.
|
| 700 |
1 |
|
|a Mendez, E. E.
|
| 700 |
1 |
|
|a Klitzing, K. von.
|
| 710 |
2 |
|
|a North Atlantic Treaty Organization.
|b Scientific Affairs Division.
|
| 830 |
|
0 |
|a NATO ASI series.
|n Series B,
|p Physics ;
|v v. 170.
|
| 999 |
|
|
|a MARS
|
| 999 |
f |
f |
|s 05b3aa24-45d6-39b2-94fe-27aeb4c7390b
|i a6a58db0-296a-3a32-a702-b4839af9a6c9
|t 0
|
| 952 |
f |
f |
|p normal
|a Texas A&M University
|b College Station
|c Sterling C. Evans Library
|d Evans: Library Stacks
|t 0
|e QC611.8.S86 N38 1987
|h Library of Congress classification
|i unmediated -- volume
|m A14811117126
|
| 998 |
f |
f |
|a QC611.8.S86 N38 1987
|t 0
|l Evans: Library Stacks
|